[Event "AUTO-INT-2251"]
[Site "http://www.queenalice.com/game.php?id=1029013"]
[Date "2012.2.11"]
[Round "1"]
[White "saturnin"]
[Black "andrehi"]
[Result "0-1"]
[WhiteElo "1529"]
[BlackElo "1622"]

1. b3 e5 2. e4 Nf6 3. d3 Bc5 4. g3 d6 5. Bg2 Bb4+ 6. c3 Bc5 7. Nf3 Ng4 8. O-O c6
9. d4 exd4 10. Nxd4 Ne5 11. b4 Bxd4 12. Qxd4 Bh3 13. Bxh3 Nf3+ 14. Kg2 Nxd4 15.
cxd4 Na6 16. a3 O-O 17. f3 d5 18. e5 Qb6 19. Be3 Qb5 20. Nc3 Qd3 21. Nd1 Rae8
22. g4 f6 23. exf6 Rxe3 24. Nxe3 Qxe3 25. Rfd1 Rxf6 26. Rf1 Qxd4 27. Rfe1 Qc3
28. g5 Qxf3+ 29. Kg1 Rg6 30. Be6+ Kf8 31. h4 Qg3+ 32. Kf1 Qxh4 33. Ra2 Qxg5 34.
Rf2+ Rf6 35. Re2 Qc1+ 36. Re1 Qxa3 37. Rxf6+ gxf6 38. Bf5 Qf3+ 39. Kg1 Qxf5 0-1

[Event "AUTO-INT-2251"]
[Site "http://www.queenalice.com/game.php?id=1029014"]
[Date "2012.2.11"]
[Round "1"]
[White "andrehi"]
[Black "lida"]
[Result "0-1"]
[WhiteElo "1503"]
[BlackElo "1790"]

1. e4 e5 2. Nf3 Nc6 3. Bb5 Nf6 4. d3 d6 5. Nc3 h6 6. Nd5 Bd7 7. c4 Be7 8. Nxe7
Qxe7 9. Qb3 O-O 10. Qa3 Bg4 11. h3 Bxf3 12. gxf3 Nd4 13. Ba4 Nxf3+ 14. Kd1 Nh5
15. d4 Nxd4 16. Rg1 Qf6 17. Be3 Qf3+ 18. Kc1 Ne2+ 19. Kc2 Qxe4+ 20. Kb3 Qd3+ 21.
Kb4 Qxa3+ 22. Kxa3 Nxg1 23. Rxg1 Nf4 24. c5 dxc5 25. Bxc5 Rfd8 26. Re1 Rd5 27.
Bb4 Nd3 28. Rd1 Nxb4 29. Kxb4 Rxd1 30. Bxd1 Rd8 31. Bf3 b6 32. a4 Rd2 33. b3
Rxf2 34. Bd5 a5+ 35. Kb5 Rd2 36. Bxf7+ Kxf7 37. h4 Rc2 38. h5 e4 39. b4 e3 40.
bxa5 bxa5 41. Ka6 e2 42. Kb5 e1=Q 43. Ka6 Qe6+ 44. Kb7 Rb2+ 45. Kxc7 Qb6+ 0-1

[Event "AUTO-INT-2251"]
[Site "http://www.queenalice.com/game.php?id=1029015"]
[Date "2012.2.11"]
[Round "1"]
[White "lida"]
[Black "andrehi"]
[Result "1-0"]
[WhiteElo "1772"]
[BlackElo "1515"]

1. e4 e5 2. Nf3 Nc6 3. Bc4 a6 4. O-O b5 5. Bd5 Nf6 6. Bxc6 dxc6 7. Nxe5 Nxe4 8.
Qf3 Qd5 9. Re1 Bd6 10. Qxe4 O-O 11. Qxd5 cxd5 12. Nf3 Bf5 13. d3 c5 14. Nc3 d4
15. Ne4 Bc7 16. Nxc5 Bb6 17. Nb3 a5 18. Nbxd4 Bxd4 19. Nxd4 Rfe8 20. Rxe8+ Rxe8
21. Bd2 b4 22. Nxf5 Re2 23. Rd1 g6 24. Ne3 f5 25. Kf1 Rxd2 26. Rxd2 Kg7 27. d4
Kf7 28. d5 Ke7 29. d6+ Kd7 30. Nc4 a4 31. Ne5+ Kd8 32. d7 b3 33. axb3 a3 34.
bxa3 f4 35. Nf7+ Ke7 36. d8=Q+ Kxf7 37. Rd7+ Ke6 38. Rd6+ Kf5 39. Qf6+ Kg4 40.
Rd5 f3 41. Qg5# 1-0

[Event "AUTO-INT-2252"]
[Site "http://www.queenalice.com/game.php?id=1029272"]
[Date "2012.2.12"]
[Round "1"]
[White "pride"]
[Black "andrehi"]
[Result "1-0"]
[WhiteElo "1409"]
[BlackElo "1536"]

1. e4 e5 2. Nf3 Nc6 3. Bc4 a6 4. a4 Nf6 5. Ng5 d5 6. exd5 Nxd5 7. Qf3 f6 8. Bxd5
Qxd5 9. Qxd5 fxg5 10. Ra3 Bxa3 11. Nxa3 b6 12. Qxc6+ Kf7 13. Qxa8 a5 14. d3 g6
15. g4 Kg7 16. Qd5 Re8 17. h4 gxh4 18. Rh3 g5 19. Bxg5 Be6 20. Qc6 Kf7 21. Qxc7+
Kg6 22. Qxe5 Kf7 23. Rf3+ Kg8 24. Bh6 1-0

[Event "AUTO-INT-2252"]
[Site "http://www.queenalice.com/game.php?id=1029273"]
[Date "2012.2.12"]
[Round "1"]
[White "andrehi"]
[Black "pride"]
[Result "0-1"]
[WhiteElo "1522"]
[BlackElo "1437"]

1. c4 e5 2. Nc3 Bc5 3. Nf3 Qe7 4. Nd5 Qd6 5. b4 Bxb4 6. a3 Ba5 7. Ng5 c6 8. Nc3
Qc5 9. Qa4 Bb6 10. e3 f5 11. Qc2 Qe7 12. Qxf5 Nh6 13. Qf3 Qxg5 14. Ne4 Qe7 15.
a4 Rf8 16. Qh5+ Kd8 17. Ba3 Qe8 18. Qg5+ Rf6 19. Qxg7 Rf7 20. Qxh6 Na6 21. Nd6
Qg8 22. Nxf7+ Qxf7 23. Qg5+ Kc7 24. Qxe5+ Kd8 25. Bd3 Bc7 26. Qh8+ Qe8 27. Qxh7
d6 28. Bg6 Qe5 29. O-O Bd7 30. f4 Qe6 31. Bb2 Ba5 32. f5 Qe4 33. f6 Qe6 34. f7
Kc7 35. f8=Q Rxf8 36. Rxf8 Nc5 37. d4 Qxe3+ 38. Kh1 Nb3 39. Qh4 Kb6 40. Re1 Qd2
41. Qd8+ Ka6 42. Qxd7 Qxe1+ 0-1

[Event "AUTO-INT-2252"]
[Site "http://www.queenalice.com/game.php?id=1029286"]
[Date "2012.2.12"]
[Round "1"]
[White "JeanRezende"]
[Black "andrehi"]
[Result "0-1"]
[WhiteElo "1431"]
[BlackElo "1594"]

1. e4 e5 2. Qh5 Nf6 3. Qxe5+ Be7 4. Qf4 Nc6 5. d3 Nd4 6. Qd2 d5 7. exd5 Qxd5 8.
Nc3 Qe5+ 9. Nce2 Bg4 10. Nf3 Bxf3 11. gxf3 Nxf3+ 0-1

[Event "AUTO-INT-2252"]
[Site "http://www.queenalice.com/game.php?id=1029287"]
[Date "2012.2.12"]
[Round "1"]
[White "andrehi"]
[Black "JeanRezende"]
[Result "0-1"]
[WhiteElo "1675"]
[BlackElo "1403"]

1. c4 c5 2. Nf3 Nf6 3. Nc3 d6 4. d4 b6 5. d5 g6 6. Bg5 Bg7 7. e4 O-O 8. Bd3 h6
9. Bxf6 Bxf6 10. Qd2 Bg7 11. g4 Bxg4 12. Qf4 Bh3 13. O-O-O Nd7 14. Rhe1 Nf6 15.
e5 dxe5 16. Nxe5 a5 17. Nc6 Qd7 18. Rxe7 Qg4 19. Ne2 a4 0-1

[Event "AUTO-INT-2252"]
[Site "http://www.queenalice.com/game.php?id=1029294"]
[Date "2012.2.12"]
[Round "1"]
[White "tomcapp"]
[Black "andrehi"]
[Result "0-1"]
[WhiteElo "1451"]
[BlackElo "1596"]

1. e4 e5 2. Nf3 Nc6 3. Bc4 h6 4. d3 a6 5. O-O Nf6 6. Nc3 b5 7. Bd5 Nxd5 8. exd5
Nd4 9. Nxd4 exd4 10. Ne2 Bb7 11. Nf4 Bd6 12. a3 g5 13. Nh5 Bxd5 14. b4 f5 15. c4
bxc4 16. Qe2+ Qe7 17. Qxe7+ Bxe7 18. Re1 c3 19. Nf6+ Kf7 20. Nxd5 Rae8 21. Nxe7
Rxe7 22. Rxe7+ Kxe7 23. a4 Rb8 24. b5 axb5 25. axb5 Rxb5 26. Ra7 c5 27. Ba3 Rb1+
28. Bc1 Rxc1# 0-1

[Event "AUTO-INT-2252"]
[Site "http://www.queenalice.com/game.php?id=1029295"]
[Date "2012.2.12"]
[Round "1"]
[White "andrehi"]
[Black "tomcapp"]
[Result "1-0"]
[WhiteElo "1657"]
[BlackElo "1442"]

1. c4 c5 2. Nf3 Nc6 3. e4 e5 4. Nc3 Nf6 5. Be2 Nd4 6. Nxe5 Qe7 7. f4 d6 8. O-O
Nxe2+ 9. Qxe2 dxe5 10. f5 a6 11. d3 b5 12. cxb5 axb5 13. Nxb5 g6 14. fxg6 hxg6
15. Bg5 Bg7 16. Rac1 Rxa2 17. Ra1 Rxa1 18. Rxa1 Qe6 19. Nc7+ Kf8 20. Nxe6+ fxe6
21. Ra8 Kf7 22. Bxf6 Bxf6 23. Qc2 Rd8 24. Qxc5 Rxd3 25. Rxc8 g5 26. b4 Rd1+ 27.
Kf2 Rd2+ 28. Kg3 Rd3+ 29. Kg4 Rd7 30. Kh5 Be7 31. Qxe5 g4 32. Qf4+ Bf6 33. Qxg4
e5 34. Qxd7+ Be7 35. g4 Kf6 36. g5+ Kf7 37. g6+ Kf6 38. Qf5+ Kg7 39. Qf7# 1-0

[Event "Challenge"]
[Site "http://www.queenalice.com/game.php?id=1030987"]
[Date "2012.2.18"]
[Round "-"]
[White "filipewao"]
[Black "andrehi"]
[Result "0-1"]
[WhiteElo "1601"]
[BlackElo "1606"]

1. e4 e5 2. Nf3 Nc6 3. Bb5 d6 4. d3 a6 5. Bc4 Be6 6. Bg5 Nf6 7. Qd2 Be7 8. Nc3
b5 9. Bxe6 fxe6 10. O-O-O Ng4 11. Rhf1 Bxg5 12. Nxg5 O-O 13. h3 Nxf2 14. Rde1
Nd4 15. Rxf2 Rxf2 16. Qxf2 Qxg5+ 17. Kb1 Rf8 18. Qg1 Qd2 19. Rd1 Qxc2+ 20. Ka1
b4 21. Rc1 Qxd3 22. Rd1 Nc2+ 23. Kb1 Na3+ 24. Ka1 Qc2 25. Nb1 Nc4 26. Rd2 Nxd2
27. Nxd2 Qxd2 28. a3 b3 29. g4 Rf2 30. Qb1 c5 31. g5 c4 32. h4 c3 0-1

[Event "Challenge"]
[Site "http://www.queenalice.com/game.php?id=1031132"]
[Date "2012.2.19"]
[Round "-"]
[White "andrehi"]
[Black "Vladimir"]
[Result "1-0"]
[WhiteElo "1546"]
[BlackElo "1728"]

1. e4 e5 2. Nf3 Nc6 3. Bc4 Nf6 4. d3 d5 5. exd5 Nxd5 6. Ng5 f6 7. Ne4 a6 8. O-O
Bb4 9. a3 Ba5 10. Qh5+ g6 11. Qh6 f5 12. Qg7 Rf8 13. Bg5 Nde7 14. Nf6+ Rxf6 15.
Bxf6 Qd4 16. c3 Qg4 17. Re1 e4 18. dxe4 f4 19. f3 Bb6+ 20. Kh1 Qh5 21. Rd1 Bf2
22. Qf7# 1-0

[Event "AUTO-INT-2232"]
[Site "http://www.queenalice.com/game.php?id=1095693"]
[Date "2012.8.22"]
[Round "2"]
[White "andrehi"]
[Black "rumplestiltskin"]
[Result "0-1"]
[WhiteElo "1691"]
[BlackElo "1713"]

1. e4 c5 2. Nc3 a6 3. Nf3 d6 4. Bc4 h6 5. a4 Nc6 6. d4 Bg4 7. Be3 b6 8. h3 Bxf3
9. Qxf3 Nf6 10. e5 Nxd4 11. Bxd4 dxe5 12. Bxe5 e6 13. Qc6+ Nd7 14. O-O Qc8 15.
Qxc8+ Rxc8 16. Rfe1 Be7 17. Bxa6 Ra8 18. Bb5 Rd8 19. Bxg7 Rh7 20. Be5 h5 21. Bc7
Rc8 22. Bxb6 Bd8 23. a5 Ke7 24. Nd5+ Kd6 25. Nf4 Nxb6 26. axb6 Ke7 27. b7 Rb8
28. Ra7 Kf8 29. Ra8 Rxb7 30. Rxd8+ Kg7 31. Bd3 Rh6 32. Re5 h4 0-1

[Event "AUTO-INT-2232"]
[Site "http://www.queenalice.com/game.php?id=1095694"]
[Date "2012.8.22"]
[Round "2"]
[White "rumplestiltskin"]
[Black "andrehi"]
[Result "0-1"]
[WhiteElo "1722"]
[BlackElo "1673"]

1. e4 e5 2. f4 exf4 3. Nf3 d5 4. Nc3 dxe4 5. Nxe4 Qe7 6. d3 Nf6 7. Nd2 Bf5 8.
Be2 Nxe4 9. dxe4 Bxe4 10. O-O Nc6 11. Nb3 Nb4 12. Bd3 O-O-O 13. Re1 Nxd3 14.
Qg4+ f5 15. Qh3 Nxe1 16. Bd2 Nxg2 17. a4 f3 18. Bc3 Qg5 19. Qg3 Qxg3 20. Nd4 Qh3
0-1